Normal view
MARC view
- Beveridge, Lord.
Entry Personal Name
001 - CONTROL NUMBER
- control field: 1802
003 - CONTROL NUMBER IDENTIFIER
- control field: OSt
005 - DATE AND TIME OF LATEST TRANSACTION
- control field: 20161014152256.0
008 - FIXED-LENGTH DATA ELEMENTS
- fixed length control field: 161014|| aca||aabn | a|a d
040 ## - CATALOGING SOURCE
- Original cataloging agency: OSt
- Transcribing agency: OSt
100 ## - HEADING--PERSONAL NAME
- Personal name: Beveridge, Lord.
670 ## - SOURCE DATA FOUND
- Source citation: Work cat.: (OSt)2155: Beveridge, Lord., Full Employment in a Free Society / , 1967.
